|
|
|
|
| LEADER |
00000nab a2200000 a 4500 |
| 001 |
vtls010726829 |
| 003 |
SK-MaSNL |
| 005 |
20260304191457.0 |
| 008 |
250709s xo |||||||||||||||||slo| |
| 035 |
|
|
|a (urnnbn)urn:nbn:sk:snk:ar-a050bt
|
| 035 |
|
|
|a (uuid)bbbd0ef0-3814-40a3-aeef-2dbcdc011ba2
|
| 035 |
|
|
|a urn:nbn:sk:snk-ab3qfk
|
| 040 |
|
|
|a SNKBUCL
|b slo
|c SNKBUCL
|e AACR2
|
| 041 |
0 |
|
|a slo
|
| 044 |
|
|
|a xo
|c SK
|
| 100 |
1 |
|
|a Pauliny, Eugen,
|d 1912-1983
|4 aut
|9 101485
|
| 245 |
1 |
0 |
|a Otázky vývinu spisovného jazyka
|c Eugen Pauliny
|
| 773 |
0 |
|
|t Slovenský jazyk a literatúra v škole : časopis pre otázky jazyka a literatúry
|g Roč. 22, č. 4 (1975-1976), s. 120-125
|
| 850 |
|
|
|a Slovenská národná knižnica
|
| 852 |
|
|
|a Slovenská národná knižnica
|
| 954 |
|
|
|a odborná, vedecká literatúra pôvodná (slovenská)
|2 lita
|
| 958 |
|
|
|a article1
|
| 958 |
|
|
|a OND
|
| 958 |
|
|
|a EUIPO
|
| 999 |
|
|
|c 3054463
|d 3056393
|